<?xml version="1.0" encoding="UTF-8"?>
<record
    xmlns:xsi="http://www.w3.org/2001/XMLSchema-instance"
    xsi:schemaLocation="http://www.loc.gov/MARC21/slim http://www.loc.gov/standards/marcxml/schema/MARC21slim.xsd"
    xmlns="http://www.loc.gov/MARC21/slim">

  <leader>01338    a2200205   4500</leader>
  <controlfield tag="001">59508</controlfield>
  <controlfield tag="005">20260407155849.0</controlfield>
  <controlfield tag="008">260407a1965    arg                 spa d</controlfield>
  <controlfield tag="003">AR-UNSa-BCEJYS</controlfield>
  <datafield tag="040" ind1=" " ind2=" ">
    <subfield code="a">AR-UNSa-BCEJYS</subfield>
    <subfield code="b">spa</subfield>
    <subfield code="c">AR-UNSa-BCEJYS</subfield>
  </datafield>
  <datafield tag="080" ind1=" " ind2=" ">
    <subfield code="a">339.9</subfield>
    <subfield code="x">Econom&#xED;a internacional en general. Relaciones econ&#xF3;micas internacionales. Econom&#xED;a mundial </subfield>
  </datafield>
  <datafield tag="245" ind1="1" ind2="0">
    <subfield code="a">Las naciones proletarias</subfield>
  </datafield>
  <datafield tag="250" ind1=" " ind2=" ">
    <subfield code="a">2a. ed.</subfield>
  </datafield>
  <datafield tag="264" ind1=" " ind2="1">
    <subfield code="a">Madrid :</subfield>
    <subfield code="b">Tecnos</subfield>
    <subfield code="c">1965</subfield>
  </datafield>
  <datafield tag="300" ind1=" " ind2=" ">
    <subfield code="a">184 p.</subfield>
    <subfield code="c">23 cm.</subfield>
  </datafield>
  <datafield tag="505" ind1=" " ind2=" ">
    <subfield code="a">Primera parte: Las naciones pobres y la expoliaci&#xF3;n: 1. &#xBF;Pauperizaci&#xF3;n del &#x201C;Tercer mundo&#x201D;? &#x2013; 2. La pol&#xED;tica de &#x201C;Jos&#xE9;&#x201D; &#x2013; 3. &#x201C;Fifty-Fifty&#x201D; &#x2013; 4. Las reformas agrarias o la tierra de los condenados &#x2013; 5. Del intermediario a la cooperativa &#x2013; 6. Malthus y las naciones proletarias &#x2013; Segunda Parte: los caminos del crecimiento: 7. Estimaci&#xF3;n del crecimiento &#x2013; 8. El ahorro de los pueblos pobres &#x2013; 9. &#x201C;El cielo te ayudar&#xE1;&#x201D; &#x2013; 10. El papel del capital privado &#x2013; 11. Elementos de una tecnolog&#xED;a del desarrollo &#x2013; 12. La ayuda intelectual &#x2013; 13. Condiciones psicol&#xF3;gicas y pol&#xED;ticas &#x2013; 14. Intereses pol&#xED;ticos en juego &#x2013; 15. Intereses econ&#xF3;micos en juego &#x2013; 16. &#xBF;Hacia una conjuraci&#xF3;n universal?</subfield>
  </datafield>
  <datafield tag="942" ind1=" " ind2=" ">
    <subfield code="c">BK</subfield>
  </datafield>
  <datafield tag="590" ind1=" " ind2=" ">
    <subfield code="a">niveau_biblio:m niveau_hierar:0</subfield>
  </datafield>
  <datafield tag="100" ind1="1" ind2=" ">
    <subfield code="a">Moussa, Pierre</subfield>
  </datafield>
  <datafield tag="999" ind1=" " ind2=" ">
    <subfield code="c">6714</subfield>
    <subfield code="d">6714</subfield>
  </datafield>
  <datafield tag="952" ind1=" " ind2=" ">
    <subfield code="0">0</subfield>
    <subfield code="1">0</subfield>
    <subfield code="4">0</subfield>
    <subfield code="7">0</subfield>
    <subfield code="a">BCEJYS</subfield>
    <subfield code="b">BCEJYS</subfield>
    <subfield code="c">16</subfield>
    <subfield code="d">2026-04-07</subfield>
    <subfield code="l">0</subfield>
    <subfield code="o">339.9 M933 2ed.</subfield>
    <subfield code="p">L23880</subfield>
    <subfield code="r">2026-04-07 15:58:49</subfield>
    <subfield code="w">2026-04-07</subfield>
    <subfield code="y">L</subfield>
  </datafield>
</record>
